| 000 | 00659cam a2200229 4500 | ||
|---|---|---|---|
| 001 | ABS64310 | ||
| 008 | 010808n2001 000 0 eng u | ||
| 035 | _a(Sirsi) u114004 | ||
| 100 | _aMabey, S. | ||
| 245 | 4 | _aThe latest news | |
| 260 | _c2001 | ||
| 490 |
_aAccountancy _v128(1295) July 2001, 133-134(2) |
||
| 520 | _aA look at developments in the taxation of Limited Liability Partnerships (LLPs). | ||
| 590 | _aABS | ||
| 650 | _aANTI-AVOIDANCE | ||
| 650 | _aCAPITAL GAINS TAX HOLDOVER | ||
| 650 | _aCAPITAL GAINS TAX RELIEF | ||
| 650 | _aLIMITED LIABILITY PARTNERSHIPS | ||
| 650 | _aPROPERTY INVESTMENT | ||
| 690 | _aTAXATION | ||
| 942 | _n0 | ||
| 999 |
_c67945 _d67945 |
||